000 00459nam a2200145Ia 4500
008 230917s9999||||xx |||||||||||||| ||und||
040 _e171259
_aMAIN
041 _aEnglish
082 _a891.43301731 SB79E
100 _aसूर्यबाला
245 0 _aएक इन्द्रधनुष जुबेदा के नाम
260 _aदिल्ली
_bपराग प्रकाशन
_c1977
300 _a119 पृ. p.
942 _cHN
999 _c180013
_d180013